La objetividad en Ciencias sociales: Un enfoque de epistemología antropológica

Guardado en:
Bibliografiske detaljer
Hovedforfatter: Dei, H. Daniel
Format: Bog
Sprog:Undetermined
Udgivet: Buenos Aires, Argentina Marymar 1987
Fag:
Tags: Tilføj Tag
Ingen Tags, Vær først til at tagge denne postø!

MARC

LEADER 00000nam a2200000Ia 4500
008 170316s9999 xx 000 0 und d
090 |a 100 D-8.1o 
100 |a Dei, H. Daniel 
245 |a La objetividad en Ciencias sociales: Un enfoque de epistemología antropológica 
260 |a Buenos Aires, Argentina 
260 |b Marymar 
260 |c 1987 
300 |a 90 páginas 
650 |a FILOSOFÍA 
999 |c 16084  |d 16084 
040 |a cru BVZT 
942 |c 15 D  |h 100 D-8.1o  |2 z